000 00994nam0a22002531 4500
001 rc\449964
005 20260407114318.0
035 _a(NLR Aleph) 005695076
090 _a7217324
_c7217324
100 _a20030616d1988 |||y0rusy50 ca
101 0 _arus
102 _aRU
105 _ay |||||||||
200 1 _aСоциально-философские проблемы освоения новых территорий
_eСб. науч. тр.
_fТюмен. гос. ун-т
_g[Редкол.: К.Г. Рожко (отв. ред.) и др.]
210 _aТюмень
_cТГУ
_d1988
215 _a98 с.
_d22
320 _aБиблиогр. в примеч. в конце ст.
702 1 _aРожко
_bК.Г.
_gКонстантин Григорьевич
_4340
712 0 2 _aТюменский государственный университет
_3RU\NLR\AUTH\889946979
_9389575
801 0 _aRU
_bNLR
_gpsbo
801 1 _aRU
_bELAR
_2rusmarc
852 _aNLR
_j88-4/18666
942 _cBOOK
980 _aNB